AY A KULAK VER (Kayıt no. 641746)

MARC ayrıntıları
000 -LEADER
sabit uzunluktaki kontrol alanı 00229nam a2200097Ia 4500
001 - KONTROL NUMARASI
kontrol alanı 641746
005 - EN SON İŞLEMİN TARİH VE ZAMANI
kontrol alanı 20250826153513.0
008 - SABİT-UZUNLUKTA VERİ ÖĞELERİ--GENEL BİLGİ
sabit uzunluktaki kontrol alanı 250824s9999 xx 000 0 und d
245 #0 - ESER / YAZAR
ESER ADI AY A KULAK VER
Yazar Adı MICHAEL MORPURGO
260 ## - YAYIN, DAĞITIM, VB.
YAYIN EVİ TUDEM
Mevcut
Düşüm durumu Kayıp durumu Hasar Durumu Ödünç verilmez Ana kütüphane Geçerli Kütüphane Edinilen tarih Toplam ödünç verme sayısı Barkod Son görüntüleme tarihi Fiyatın geçerli olmaya başladığı tarih Koha materyal türü
        ABİDİN SANİYE ERÇAL İLKOKULU ABİDİN SANİYE ERÇAL İLKOKULU 24.08.2025   10012005 26.08.2025 26.08.2025 Kitaplar
Gemini Bilgi Teknolojileri A.Ş. tarafından düzenlenmiştir.